00644nam a2200241 a 4500001001300000003000900013005001700022008004100039020001000080082001300090100001600103245002300119260003000142300000900172500003500181505001000216650001900226700001600245902000800261942000700269952011300276999001300389nice12345678IN_TiNIC20260116011312.0050524s1946 lona grp 000 0 eng  ac10000a286bWAL aWalton, R C aGathered Community aLondonbCarey Pressc1946 a184p aincludes index and biblioraphy2 aIndex aBaptist Church1 aWalton, R C bSRS cBK 001040708StackRoom-aHMIbHMId2007-07-19g100.00l0o286 WALp00650r2007-07-19v100.00w2005-05-24yBK c319d319